Vývoj výkonnosti priemyselných odvetví v Slovenskej republike
Prehľad vybraných ukazovateľov priemyslu SR. Vývoj pridanej hodnoty a jej podiel na hrubej produkcii sektora. Vybrané ukazovatele strojárskeho priemyslu SR. Hlavné výrobné odbory strojárskeho priemyslu v roku 2000. Elektrotechnický priemysel, jeho perspektívy. Základné smery rozvoja chemického prie...
Gespeichert in:
| 1. Verfasser: | |
|---|---|
| Format: | Buchkapitel |
| Sprache: | Slowakisch |
| Schlagworte: | |
| Tags: |
Keine Tags, Fügen Sie das erste Tag hinzu!
|
MARC
| LEADER | 00000naa$a2200000$$$4500 | ||
|---|---|---|---|
| 001 | 0038944 | ||
| 005 | 20231004103144.6 | ||
| 041 | 0 | |a slo | |
| 044 | |a SK | ||
| 245 | 1 | 0 | |a Vývoj výkonnosti priemyselných odvetví v Slovenskej republike |c Pavel Vavrinčík |
| 520 | |a Prehľad vybraných ukazovateľov priemyslu SR. Vývoj pridanej hodnoty a jej podiel na hrubej produkcii sektora. Vybrané ukazovatele strojárskeho priemyslu SR. Hlavné výrobné odbory strojárskeho priemyslu v roku 2000. Elektrotechnický priemysel, jeho perspektívy. Základné smery rozvoja chemického priemyselu. Vybrané ukazovatele textilného a odevného priemyslu. | ||
| 610 | 2 | 0 | |a Slovensko |
| 610 | 2 | 0 | |a odvetvia priemyselné |
| 610 | 2 | 0 | |a výkonnosť |
| 610 | 2 | 0 | |a ukazovatele ekonomické |
| 610 | 2 | 0 | |a priemysel strojársky |
| 610 | 2 | 0 | |a priemysel obuvnícky |
| 610 | 2 | 0 | |a priemysel chemický |
| 610 | 2 | 0 | |a priemysel spotrebný |
| 100 | 1 | |a Vavrinčík, Pavel | |